00285nam a2200109Ia 4500008004100000040000800041082001800049100003300067245003300100260000900133264003300142231129s1979||||xx |||||||||||||| ||spa|| bspa a294.5924 B575 aBhaktivedanta Swami P. A.C. 0aEl Bhagavad-Gita tal como es c1979 aThe Bhaktivedanta Book Trust